000 00317nam a2200133Ia 4500
008 160105s9999 xx 000 0 und d
020 _a2-7099-0960-X
245 _aHarrap's standard french and english dictionary
260 _bHarrap
260 _c1968
942 _c09
994 _a103546
999 _c3519
_d31517